[Event "Lingen op 4th"]
[Site "Lingen"]
[Date "2012.07.21"]
[Round "2"]
[White "Kobs, Stephan"]
[Black "Langhorst, Tobias"]
[Result "1-0"]
[WhiteElo "2035"]
[BlackElo "1429"]
[PlyCount "49"]
[EventDate "2012.07.20"]
[EventType "swiss"]
[EventRounds "5"]
[EventCountry "GER"]
[SourceTitle "EXT 2013"]
[Source "ChessBase"]
[SourceDate "2012.11.22"]
[SourceVersion "1"]
[SourceVersionDate "2012.11.22"]
[SourceQuality "1"]

1. e4 c5 2. Nc3 Nc6 3. g3 Nf6 4. Bg2 e6 5. Nge2 d5 6. exd5 exd5 7. d4 cxd4 8. Nxd4 Bb4 9. 0-0 0-0 10. Nce2 Re8 11. c3 Bc5 12. Kh1 Bg4 13. f3 Bh5 14. Nb3 Be3 15. Nf4 d4 16. cxd4 Bxd4 17. Nxd4 Nxd4 18. Bd2 Rc8 19. Bc3 Ne2 20. Qxd8 Rexd8 21. Nxe2 Nd5 22. Rfd1 Nxc3 23. Rxd8+ Rxd8 24. Nxc3 Rd2 25. Rd1 1-0

[Event "Steinfurt Bezirksklasse 1112"]
[Site "Germany"]
[Date "2011.09.24"]
[Round "1.6"]
[White "Borgmann, Simon"]
[Black "Langhorst, Tobias"]
[Result "0-1"]
[WhiteElo "780"]
[BlackElo "1424"]
[PlyCount "62"]
[EventDate "2011.09.24"]
[EventType "team-tourn"]
[EventRounds "9"]
[EventCountry "GER"]
[SourceTitle "EXT 2013"]
[Source "ChessBase"]
[SourceDate "2012.11.22"]
[SourceVersion "1"]
[SourceVersionDate "2012.11.22"]
[SourceQuality "1"]
[WhiteTeam "Emsdetten Turm IV"]
[BlackTeam "Emsdetten Turm III"]
[WhiteTeamCountry "GER"]
[BlackTeamCountry "GER"]

1. e4 c5 2. Nf3 Nc6 3. Nc3 g6 4. Bc4 Bg7 5. d3 e6 6. 0-0 Nge7 7. Bg5 0-0 8. a3 h6 9. Be3 d5 10. exd5 exd5 11. Bb5 d4 12. Bd2 dxc3 13. bxc3 Be6 14. Rb1 b6 15. c4 Ne5 16. Ne1 N7c6 17. Qc1 Nd4 18. Bxh6 Ne2+ 19. Kh1 Nxc1 20. Bxg7 Kxg7 21. Rxc1 Bd7 22. Ba6 Rh8 23. Kg1 Qg5 24. f3 Qxc1 25. Kf2 Qd2+ 26. Kg3 Rh5 27. h3 Rg5+ 28. Kh2 Rh8 29. Kh1 Bxh3 30. Kg1 Bxg2 31. Nxg2 Qxg2# 0-1

[Event "Steinfurt Bezirksliga 1011"]
[Site "Germany"]
[Date "2010.10.02"]
[Round "1.8"]
[White "Langhorst, Tobias"]
[Black "Kroeger, Ralf"]
[Result "1/2-1/2"]
[WhiteElo "1199"]
[BlackElo "1517"]
[PlyCount "52"]
[EventDate "2010.10.02"]
[EventType "team-tourn"]
[EventRounds "9"]
[EventCountry "GER"]
[SourceTitle "EXT 2012"]
[Source "ChessBase"]
[SourceDate "2011.11.24"]
[SourceVersion "1"]
[SourceVersionDate "2011.11.24"]
[SourceQuality "1"]
[WhiteTeam "Emsdetten Turm III"]
[BlackTeam "Steinfurt II"]
[WhiteTeamCountry "GER"]
[BlackTeamCountry "GER"]

1. e4 e5 2. Nf3 Nc6 3. Bc4 Bc5 4. c3 Nf6 5. d3 0-0 6. 0-0 d6 7. Re1 Bb6 8. d4 exd4 9. cxd4 Bg4 10. Qb3 Bxf3 11. Qxf3 Nxd4 12. Qd3 Ng4 13. Be3 Nxe3 14. Rxe3 Qf6 15. Nc3 Ne6 16. Rf3 Nc5 17. Qd5 c6 18. Qh5 Qe7 19. Re1 Rad8 20. Rh3 h6 21. Ree3 Nd7 22. Reg3 Qf6 23. Rf3 Qe7 24. Rfg3 Qf6 25. Rf3 Qe7 26. Rfg3 Qf6 1/2-1/2

[Event "Steinfurt Bezirksklasse 0910"]
[Site "Germany"]
[Date "2009.11.28"]
[Round "2.6"]
[White "Hillen, Thomas"]
[Black "Langhorst, Tobias"]
[Result "1-0"]
[WhiteElo "1491"]
[BlackElo "1152"]
[PlyCount "55"]
[EventDate "2009.09.26"]
[EventType "team-tourn"]
[EventRounds "7"]
[EventCountry "GER"]
[SourceTitle "EXT 2011"]
[Source "ChessBase"]
[SourceDate "2010.11.26"]
[SourceVersion "1"]
[SourceVersionDate "2010.11.26"]
[SourceQuality "1"]
[WhiteTeam "Emsdetten Rochade III"]
[BlackTeam "Emsdetten Turm IV"]
[WhiteTeamCountry "GER"]
[BlackTeamCountry "GER"]

1. Nf3 d5 2. d4 Nc6 3. Bf4 Nf6 4. Nc3 Bf5 5. a3 e6 6. e3 Be7 7. Bb5 0-0 8. Bxc6 bxc6 9. Ne5 Qe8 10. Na4 Bd6 11. Rc1 Rb8 12. c4 Bxe5 13. Bxe5 Qe7 14. 0-0 Rfc8 15. f3 Nd7 16. Bg3 e5 17. dxe5 dxc4 18. f4 Bd3 19. Rf2 Nc5 20. Nxc5 Qxc5 21. Qxd3 Qb6 22. Rxc4 Qb5 23. Rfc2 Rd8 24. Qe2 Rb6 25. Be1 Rd5 26. Qg4 Qb3 27. Qc8+ Rd8 28. Qxd8# 1-0